Statistics for Biggest Cities in the World by Area & Population

Click here to take the quiz!

General Stats

  • This quiz has been taken 21 times
  • The average score is 16 of 16

Answer Stats

CountryAnswer% Correct
ChinaBeijing
100%
IndiaDelhi
100%
IndonesiaJakarta
100%
IndonesiaJakarta
100%
PhilippinesManila
100%
PhilippinesManila
100%
MexicoMexico City
100%
South KoreaSeoul
100%
South KoreaSeoul
100%
ChinaShanghai
100%
ChinaShanghai
100%
JapanTokyo
100%
JapanTokyo
100%
ChinaGuangzhou/Shenzhen
95%
JapanOsaka
95%
United StatesNew York
90%

Score Distribution

Percentile by Number Answered

Percent of People with Each Score

Your Score History

You have not taken this quiz